[Event "DEM U10 2024"]
[Site "Willingen GER"]
[Date "2024.05.22"]
[Round "7"]
[White "Chychkan, Pavlo"]
[Black "El-Issa, Erik"]
[Result "0-1"]
[Termination "normal"]
[Board "21"]
[WhiteElo "1323"]
[BlackElo "1172"]
[WhiteClock "00:59:55"]
[BlackClock "00:45:01"]
[PlyCount "56"]
[WhiteFideId "533001758"]
[BlackFideId "533001782"]
[EventCountry "GER"]
[EventRounds "11"]
[EventType "swiss"]
[EventDate "2024.05.18"]

1. e4 {[%clk 01:15:58]} {[%emt 00:00:01]} e5 {[%clk 01:15:53]} {[%emt
00:00:07]} 2. Nf3 {[%clk 01:16:21]} {[%emt 00:00:07]} Nc6 {[%clk 01:16:15]}
{[%emt 00:00:08]} 3. Bc4 {[%clk 01:16:39]} {[%emt 00:00:12]} Bc5 {[%clk
01:16:36]} {[%emt 00:00:09]} 4. c3 {[%clk 01:16:49]} {[%emt 00:00:20]} Nf6
{[%clk 01:16:51]} {[%emt 00:00:15]} 5. d4 {[%clk 01:17:00]} {[%emt 00:00:19]}
exd4 {[%clk 01:17:11]} {[%emt 00:00:10]} 6. e5 {[%clk 01:17:21]} {[%emt
00:00:08]} d5 {[%clk 01:17:19]} {[%emt 00:00:22]} 7. Bb5 {[%clk 01:17:41]}
{[%emt 00:00:10]} Ne4 {[%clk 01:15:49]} {[%emt 00:02:01]} 8. cxd4 {[%clk
01:18:02]} {[%emt 00:00:09]} Bb6 {[%clk 01:15:21]} {[%emt 00:00:58]} 9. O-O
{[%clk 01:16:33]} {[%emt 00:01:59]} O-O {[%clk 01:14:47]} {[%emt 00:01:05]} 10.
Nbd2 {[%clk 01:15:50]} {[%emt 00:01:12]} Nxd2 {[%clk 01:12:17]} {[%emt
00:02:58]} 11. Bxd2 {[%clk 01:16:09]} {[%emt 00:00:12]} Bg4 {[%clk 01:11:46]}
{[%emt 00:01:01]} 12. Be2 {[%clk 01:15:08]} {[%emt 00:01:31]} Bxf3 {[%clk
01:11:10]} {[%emt 00:01:06]} 13. Bxf3 {[%clk 01:15:11]} {[%emt 00:00:28]} Bxd4
{[%clk 01:11:18]} {[%emt 00:00:22]} 14. Be2 {[%clk 01:14:13]} {[%emt 00:01:27]}
Bxe5 {[%clk 01:10:11]} {[%emt 00:01:38]} 15. Bd3 {[%clk 01:14:22]} {[%emt
00:00:20]} Qd6 {[%clk 01:09:44]} {[%emt 00:00:58]} 16. g3 {[%emt 00:04:34]} f5
{[%clk 01:06:09]} 17. f3 {[%clk 01:06:31]} {[%emt 00:08:21]} f4 {[%clk
01:01:22]} {[%emt 00:05:19]} 18. g4 {[%clk 01:06:45]} {[%emt 00:00:15]} g6
{[%clk 01:00:05]} {[%emt 00:01:47]} 19. Kh1 {[%clk 01:06:25]} {[%emt 00:00:50]}
a5 {[%clk 00:54:22]} {[%emt 00:06:14]} 20. Rg1 {[%clk 01:06:25]} {[%emt
00:00:27]} Qf6 {[%clk 00:52:37]} {[%emt 00:02:16]} 21. Qb3 {[%clk 01:03:45]}
{[%emt 00:03:10]} Rfd8 {[%clk 00:47:03]} {[%emt 00:06:06]} 22. Qxb7 {[%clk
01:03:36]} {[%emt 00:00:38]} Rab8 {[%clk 00:47:02]} {[%emt 00:00:31]} 23. Qa6
{[%clk 01:03:42]} {[%emt 00:00:22]} Rb6 {[%clk 00:47:11]} {[%emt 00:00:23]} 24.
Qxb6 {[%clk 01:01:45]} {[%emt 00:02:27]} cxb6 {[%clk 00:47:23]} {[%emt
00:00:18]} 25. g5 {[%clk 01:00:38]} {[%emt 00:01:37]} Qg7 {[%clk 00:46:16]}
{[%emt 00:01:37]} 26. Rg4 {[%clk 00:59:57]} {[%emt 00:01:11]} Bxb2 {[%clk
00:45:10]} {[%emt 00:01:36]} 27. Rb1 {[%clk 01:00:09]} {[%emt 00:00:18]} Qd4
{[%clk 00:45:02]} {[%emt 00:00:38]} 28. Rxf4 {[%clk 00:59:55]} {[%emt
00:00:44]} Qxd3 {[%clk 00:45:01]} {[%emt 00:02:08]} 0-1

[Event "DEM U10 2024"]
[Site "Willingen GER"]
[Date "2024.05.22"]
[Round "7"]
[White "Jung, Michael"]
[Black "Liu, Yichen"]
[Result "0-1"]
[Termination "normal"]
[Board "22"]
[WhiteElo "1363"]
[BlackElo "1212"]
[WhiteClock "00:00:33"]
[BlackClock "00:43:38"]
[PlyCount "120"]
[WhiteFideId "34673873"]
[BlackFideId "34677917"]
[EventCountry "GER"]
[EventRounds "11"]
[EventType "swiss"]
[EventDate "2024.05.18"]

1. d4 {[%clk 01:15:56]} {[%emt 00:00:04]} d6 {[%clk 01:15:52]} {[%emt
00:00:08]} 2. c4 {[%clk 01:16:13]} {[%emt 00:00:12]} g6 {[%clk 01:16:11]}
{[%emt 00:00:11]} 3. Nc3 {[%clk 01:16:31]} {[%emt 00:00:12]} Bg7 {[%clk
01:16:35]} {[%emt 00:00:07]} 4. Bf4 {[%clk 01:16:53]} {[%emt 00:00:07]} Bf5
{[%clk 01:16:34]} {[%emt 00:00:31]} 5. e3 {[%clk 01:17:09]} {[%emt 00:00:14]}
Nf6 {[%clk 01:15:51]} {[%emt 00:01:14]} 6. Bd3 {[%clk 01:16:44]} {[%emt
00:00:55]} Bxd3 {[%clk 01:15:32]} {[%emt 00:00:48]} 7. Qxd3 {[%clk 01:17:00]}
{[%emt 00:00:14]} O-O {[%clk 01:15:29]} {[%emt 00:00:34]} 8. Nf3 {[%clk
01:15:42]} {[%emt 00:01:47]} Nbd7 {[%clk 01:14:59]} {[%emt 00:01:01]} 9. O-O
{[%clk 01:14:13]} {[%emt 00:01:58]} Nb6 {[%clk 01:14:11]} {[%emt 00:01:19]} 10.
Rad1 {[%clk 01:13:44]} {[%emt 00:00:59]} Re8 {[%clk 01:13:35]} {[%emt
00:01:07]} 11. Qe2 {[%clk 01:13:30]} {[%emt 00:00:42]} Qd7 {[%clk 01:13:06]}
{[%emt 00:00:59]} 12. c5 {[%clk 01:12:07]} {[%emt 00:01:53]} Nbd5 {[%clk
01:11:57]} {[%emt 00:01:40]} 13. Nxd5 {[%clk 01:11:00]} {[%emt 00:01:37]} Nxd5
{[%clk 01:11:26]} {[%emt 00:00:58]} 14. Bg3 {[%clk 01:10:40]} {[%emt 00:00:53]}
Rad8 {[%clk 01:09:54]} {[%emt 00:02:02]} 15. Nd2 {[%clk 01:07:43]} {[%emt
00:03:26]} dxc5 {[%clk 01:07:37]} {[%emt 00:02:48]} 16. dxc5 {[%clk 01:05:33]}
{[%emt 00:02:40]} Bxb2 {[%clk 01:06:14]} {[%emt 00:01:52]} 17. Nb3 {[%clk
01:04:09]} {[%emt 00:01:54]} Bf6 {[%clk 01:04:08]} {[%emt 00:02:38]} 18. Qe1
{[%clk 00:59:05]} {[%emt 00:05:33]} Qc6 {[%clk 00:59:28]} {[%emt 00:05:10]} 19.
Nd4 {[%clk 00:55:37]} {[%emt 00:03:57]} Bxd4 {[%clk 00:54:44]} {[%emt
00:05:14]} 20. exd4 {[%clk 00:54:20]} {[%emt 00:01:47]} Qf6 {[%clk 00:51:52]}
{[%emt 00:03:22]} 21. Be5 {[%clk 00:47:51]} {[%emt 00:06:59]} Qf5 {[%clk
00:49:47]} {[%emt 00:02:36]} 22. h3 {[%clk 00:40:47]} {[%emt 00:07:34]} Qd7
{[%clk 00:46:01]} {[%emt 00:04:16]} 23. Qd2 {[%clk 00:34:26]} {[%emt 00:06:51]}
f6 {[%clk 00:44:40]} {[%emt 00:01:50]} 24. Bh2 {[%clk 00:29:55]} {[%emt
00:05:01]} Kg7 {[%clk 00:44:00]} {[%emt 00:01:09]} 25. f4 {[%clk 00:28:24]}
{[%emt 00:02:02]} b6 {[%clk 00:39:38]} {[%emt 00:04:52]} 26. f5 {[%clk
00:23:19]} {[%emt 00:05:35]} g5 {[%clk 00:38:15]} {[%emt 00:01:52]} 27. Qd3
{[%clk 00:19:47]} {[%emt 00:04:02]} e6 {[%clk 00:34:55]} {[%emt 00:03:50]} 28.
fxe6 {[%clk 00:17:25]} {[%emt 00:02:53]} Rxe6 {[%clk 00:34:56]} {[%emt
00:00:29]} 29. Rf3 {[%clk 00:16:43]} {[%emt 00:01:11]} Qe7 {[%clk 00:33:35]}
{[%emt 00:01:51]} 30. Bg3 {[%clk 00:16:30]} {[%emt 00:00:43]} Re8 {[%clk
00:32:46]} {[%emt 00:01:19]} 31. Qf5 {[%clk 00:14:12]} {[%emt 00:02:46]} Ne3
{[%clk 00:31:39]} {[%emt 00:01:39]} 32. Qd3 {[%clk 00:09:32]} {[%emt 00:05:10]}
Nxd1 {[%clk 00:31:52]} {[%emt 00:00:16]} 33. Qxd1 {[%clk 00:09:33]} {[%emt
00:00:29]} bxc5 {[%clk 00:31:16]} {[%emt 00:01:08]} 34. h4 {[%clk 00:08:36]}
{[%emt 00:01:26]} h6 {[%clk 00:29:26]} {[%emt 00:02:20]} 35. h5 {[%clk
00:08:34]} {[%emt 00:00:32]} Re3 {[%clk 00:28:26]} {[%emt 00:01:30]} 36. Rxe3
{[%clk 00:07:51]} {[%emt 00:01:13]} Qxe3+ {[%clk 00:28:34]} {[%emt 00:00:22]}
37. Bf2 {[%clk 00:07:57]} {[%emt 00:01:08]} Qe4 {[%clk 00:27:45]} {[%emt
00:01:36]} 38. dxc5 {[%clk 00:08:13]} {[%emt 00:00:14]} Qe6 {[%clk 00:25:42]}
{[%emt 00:02:33]} 39. Qa4 {[%clk 00:05:52]} {[%emt 00:02:50]} Ra8 {[%clk
00:24:58]} {[%emt 00:01:15]} 40. Qa5 {[%clk 00:05:29]} {[%emt 00:00:51]} Qd7
{[%clk 00:24:52]} {[%emt 00:00:36]} 41. Qe1 {[%clk 00:05:04]} {[%emt 00:00:57]}
Rd8 {[%clk 00:24:38]} {[%emt 00:00:45]} 42. Qe4 {[%clk 00:03:30]} {[%emt
00:02:02]} Qd1+ {[%clk 00:24:26]} {[%emt 00:00:42]} 43. Be1 {[%clk 00:03:38]}
{[%emt 00:00:16]} Qd4+ {[%clk 00:24:42]} {[%emt 00:00:20]} 44. Qxd4 {[%clk
00:01:29]} {[%emt 00:02:40]} Rxd4 {[%clk 00:25:05]} {[%emt 00:00:06]} 45. Bf2
{[%clk 00:00:57]} {[%emt 00:01:02]} Rd1+ {[%clk 00:25:23]} {[%emt 00:00:13]}
46. Kh2 {[%clk 00:01:01]} {[%emt 00:00:26]} Rd2 {[%clk 00:25:34]} {[%emt
00:00:18]} 47. Bg3 {[%clk 00:00:48]} {[%emt 00:00:43]} Rxa2 {[%clk 00:25:35]}
{[%emt 00:00:29]} 48. Bxc7 {[%clk 00:00:50]} {[%emt 00:00:27]} Rc2 {[%clk
00:25:32]} {[%emt 00:00:34]} 49. Bb8 {[%clk 00:00:31]} {[%emt 00:00:49]} a6
{[%clk 00:25:52]} {[%emt 00:00:11]} 50. Ba7 {[%clk 00:00:33]} {[%emt 00:00:27]}
a5 {[%clk 00:26:08]} {[%emt 00:00:15]} 51. Kg3 {[%clk 00:00:32]} {[%emt
00:00:30]} a4 {[%clk 00:26:11]} {[%emt 00:00:28]} 52. Kf3 {[%clk 00:00:52]}
{[%emt 00:00:09]} a3 {[%clk 00:26:28]} {[%emt 00:00:14]} 53. c6 {[%clk
00:00:38]} {[%emt 00:00:44]} a2 {[%clk 00:26:37]} {[%emt 00:00:20]} 54. Bd4
{[%clk 00:01:00]} {[%emt 00:00:08]} Rxc6 {[%clk 00:26:55]} {[%emt 00:00:12]}
55. Ba1 {[%clk 00:01:22]} {[%emt 00:00:08]} Rc1 {[%clk 00:27:19]} {[%emt
00:00:06]} 56. Bb2 {[%clk 00:01:41]} {[%emt 00:00:11]} a1=Q {[%clk 00:27:34]}
{[%emt 00:00:15]} 57. Bxa1 {[%clk 00:15:12]} {[%emt 00:01:59]} Rxa1 {[%clk
00:42:55]} {[%emt 00:00:09]} 58. g4 {[%clk 00:00:32]} {[%emt 00:15:10]} Ra3+
{[%clk 00:43:13]} {[%emt 00:00:12]} 59. Ke4 {[%clk 00:00:32]} {[%emt 00:00:29]}
Kf7 {[%clk 00:43:23]} {[%emt 00:00:21]} 60. Kf5 {[%clk 00:00:33]} {[%emt
00:00:29]} Ra1 {[%clk 00:43:38]} {[%emt 00:00:16]} 0-1

[Event "DEM U10 2024"]
[Site "Willingen GER"]
[Date "2024.05.22"]
[Round "7"]
[White "Seegebrecht, Johann"]
[Black "König, Marius"]
[Result "1-0"]
[Termination "normal"]
[Board "23"]
[WhiteElo "1421"]
[BlackElo "1356"]
[WhiteClock "00:34:15"]
[BlackClock "00:15:17"]
[PlyCount "123"]
[WhiteFideId "34655115"]
[BlackFideId "533001812"]
[EventCountry "GER"]
[EventRounds "11"]
[EventType "swiss"]
[EventDate "2024.05.18"]

1. e4 {[%clk 01:15:58]} {[%emt 00:00:02]} c5 {[%clk 01:15:57]} {[%emt
00:00:04]} 2. Nf3 {[%clk 01:16:24]} {[%emt 00:00:02]} Nc6 {[%clk 01:16:20]}
{[%emt 00:00:08]} 3. d4 {[%clk 01:16:44]} {[%emt 00:00:10]} cxd4 {[%clk
01:16:44]} {[%emt 00:00:06]} 4. Nxd4 {[%clk 01:16:29]} {[%emt 00:00:44]} g6
{[%clk 01:17:10]} {[%emt 00:00:04]} 5. Nc3 {[%clk 01:16:54]} {[%emt 00:00:06]}
Bg7 {[%clk 01:17:33]} {[%emt 00:00:08]} 6. Be3 {[%clk 01:17:08]} {[%emt
00:00:15]} Nf6 {[%clk 01:17:38]} {[%emt 00:00:25]} 7. Bc4 {[%clk 01:17:31]}
{[%emt 00:00:07]} d6 {[%clk 01:16:54]} {[%emt 00:01:14]} 8. Bb3 {[%clk
01:17:41]} {[%emt 00:00:20]} Ng4 {[%clk 01:15:34]} {[%emt 00:01:50]} 9. O-O
{[%clk 01:13:46]} {[%emt 00:04:24]} Nxe3 {[%clk 01:10:06]} {[%emt 00:05:58]}
10. fxe3 {[%clk 01:14:06]} {[%emt 00:00:11]} e6 {[%clk 01:04:06]} {[%emt
00:06:29]} 11. Qf3 {[%clk 01:13:59]} {[%emt 00:00:36]} O-O {[%clk 01:02:50]}
{[%emt 00:01:48]} 12. Rad1 {[%clk 01:09:56]} {[%emt 00:04:33]} Nxd4 {[%clk
00:56:35]} {[%emt 00:06:45]} 13. exd4 {[%clk 01:10:15]} {[%emt 00:00:10]} Bd7
{[%clk 00:54:54]} {[%emt 00:02:12]} 14. e5 {[%clk 01:07:12]} {[%emt 00:03:32]}
dxe5 {[%clk 00:49:16]} {[%emt 00:06:09]} 15. dxe5 {[%clk 01:07:36]} {[%emt
00:00:06]} Qb6+ {[%clk 00:47:24]} {[%emt 00:02:21]} 16. Kh1 {[%clk 01:07:33]}
{[%emt 00:00:33]} Bc6 {[%clk 00:44:42]} {[%emt 00:03:13]} 17. Qg3 {[%clk
01:03:55]} {[%emt 00:04:07]} Rad8 {[%clk 00:42:24]} {[%emt 00:02:49]} 18. Qf4
{[%clk 00:56:33]} {[%emt 00:07:52]} Rxd1 {[%clk 00:41:08]} {[%emt 00:01:46]}
19. Rxd1 {[%clk 00:56:55]} {[%emt 00:00:07]} Rd8 {[%clk 00:40:30]} {[%emt
00:01:09]} 20. Rf1 {[%clk 00:54:55]} {[%emt 00:02:29]} Qc7 {[%clk 00:37:29]}
{[%emt 00:03:32]} 21. Re1 {[%clk 00:52:53]} {[%emt 00:02:30]} Bd7 {[%clk
00:34:21]} {[%emt 00:03:39]} 22. h3 {[%clk 00:39:05]} {[%emt 00:14:18]} f6
{[%clk 00:32:32]} {[%emt 00:02:19]} 23. Qe3 {[%clk 00:37:38]} {[%emt 00:01:57]}
Qxe5 {[%clk 00:31:47]} {[%emt 00:01:15]} 24. Qf2 {[%clk 00:36:31]} {[%emt
00:01:36]} Qf5 {[%clk 00:29:55]} {[%emt 00:02:23]} 25. Qxa7 {[%clk 00:36:40]}
{[%emt 00:00:22]} Kh8 {[%clk 00:26:48]} {[%emt 00:03:37]} 26. Qxb7 {[%clk
00:36:02]} {[%emt 00:01:07]} e5 {[%clk 00:24:20]} {[%emt 00:02:58]} 27. Rd1
{[%emt 00:04:07]} h5 {[%clk 00:22:06]} 28. Ba4 {[%clk 00:35:14]} {[%emt
00:00:25]} Rf8 {[%clk 00:20:46]} {[%emt 00:01:50]} 29. Rxd7 {[%clk 00:35:29]}
{[%emt 00:00:15]} Qf1+ {[%clk 00:20:19]} {[%emt 00:00:57]} 30. Kh2 {[%clk
00:34:44]} {[%emt 00:01:15]} Qf4+ {[%clk 00:20:33]} {[%emt 00:00:15]} 31. g3
{[%clk 00:35:07]} {[%emt 00:00:08]} Qf2+ {[%clk 00:20:09]} {[%emt 00:00:55]}
32. Qg2 {[%clk 00:34:52]} {[%emt 00:00:44]} Qxg2+ {[%clk 00:20:11]} {[%emt
00:00:28]} 33. Kxg2 {[%clk 00:35:14]} {[%emt 00:00:09]} Rb8 {[%clk 00:20:23]}
{[%emt 00:00:18]} 34. b3 {[%clk 00:35:29]} {[%emt 00:00:14]} Rf8 {[%clk
00:20:23]} {[%emt 00:00:30]} 35. Nb5 {[%clk 00:35:42]} {[%emt 00:00:18]} f5
{[%clk 00:20:37]} {[%emt 00:00:17]} 36. Nc7 {[%clk 00:35:58]} {[%emt 00:00:13]}
f4 {[%clk 00:20:26]} {[%emt 00:00:42]} 37. gxf4 {[%clk 00:36:13]} {[%emt
00:00:14]} exf4 {[%clk 00:20:36]} {[%emt 00:00:20]} 38. Ne6 {[%clk 00:36:37]}
{[%emt 00:00:05]} Rc8 {[%clk 00:20:39]} {[%emt 00:00:28]} 39. Nxg7 {[%clk
00:36:39]} {[%emt 00:00:27]} Rxc2+ {[%clk 00:20:48]} {[%emt 00:00:22]} 40. Kf3
{[%clk 00:36:48]} {[%emt 00:00:21]} g5 {[%clk 00:20:20]} {[%emt 00:00:58]} 41.
Nxh5 {[%clk 00:37:04]} {[%emt 00:00:14]} Rc3+ {[%clk 00:20:10]} {[%emt
00:00:40]} 42. Kg4 {[%clk 00:37:15]} {[%emt 00:00:18]} f3 {[%clk 00:19:58]}
{[%emt 00:00:43]} 43. Kxg5 {[%clk 00:37:39]} {[%emt 00:00:05]} f2 {[%clk
00:19:42]} {[%emt 00:00:47]} 44. Kg6 {[%clk 00:37:55]} {[%emt 00:00:14]} Rc8
{[%clk 00:19:33]} {[%emt 00:00:39]} 45. Nf6 {[%clk 00:38:03]} {[%emt 00:00:22]}
Rg8+ {[%clk 00:19:35]} {[%emt 00:00:28]} 46. Nxg8 {[%clk 00:37:48]} {[%emt
00:00:45]} f1=Q {[%emt 00:00:45]} 47. Nh6 {[%emt 00:00:35]} Qa6+ {[%clk
00:18:07]} {[%emt 00:00:38]} 48. Kg5 {[%clk 00:36:53]} {[%emt 00:01:24]} Qa5+
{[%clk 00:17:49]} {[%emt 00:00:49]} 49. Nf5 {[%clk 00:37:03]} {[%emt 00:00:21]}
Qa8 {[%clk 00:17:18]} {[%emt 00:01:01]} 50. Re7 {[%clk 00:34:45]} {[%emt
00:02:47]} Qd8 {[%clk 00:16:38]} {[%emt 00:01:10]} 51. Kg6 {[%clk 00:34:45]}
{[%emt 00:00:30]} Qg8+ {[%clk 00:16:14]} {[%emt 00:00:54]} 52. Rg7 {[%clk
00:35:03]} {[%emt 00:00:13]} Qe8+ {[%clk 00:15:53]} {[%emt 00:00:51]} 53. Rf7
{[%clk 00:34:55]} {[%emt 00:00:35]} Qe6+ {[%clk 00:15:53]} {[%emt 00:00:32]}
54. Rf6 {[%clk 00:35:09]} {[%emt 00:00:16]} Qg8+ {[%clk 00:15:54]} {[%emt
00:00:29]} 55. Kh5 {[%clk 00:35:23]} {[%emt 00:00:15]} Qg2 {[%clk 00:14:38]}
{[%emt 00:01:48]} 56. Rh6+ {[%clk 00:35:17]} {[%emt 00:00:36]} Kg8 {[%clk
00:14:45]} {[%emt 00:00:23]} 57. Rg6+ {[%clk 00:35:40]} {[%emt 00:00:07]} Kh7
{[%clk 00:14:34]} {[%emt 00:00:40]} 58. Rxg2 {[%clk 00:36:00]} {[%emt
00:00:11]} Kh8 {[%clk 00:14:54]} {[%emt 00:00:10]} 59. b4 {[%clk 00:35:58]}
{[%emt 00:00:31]} Kh7 {[%clk 00:15:17]} {[%emt 00:00:08]} 60. Ne7 {[%emt
00:00:06]} Kh8 {[%emt 00:00:14]} 61. Rg8+ {[%emt 00:00:35]} Kh7 {[%emt
00:00:45]} 62. Bc2# {[%clk 00:34:15]} {[%emt 00:00:02]} 1-0

[Event "DEM U10 2024"]
[Site "Willingen GER"]
[Date "2024.05.22"]
[Round "7"]
[White "Bentele, Otto"]
[Black "Löffelholz, Jonas"]
[Result "1-0"]
[Termination "normal"]
[Board "25"]
[WhiteElo "1538"]
[BlackElo "1126"]
[WhiteClock "00:32:19"]
[BlackClock "00:15:32"]
[PlyCount "74"]
[WhiteFideId "34653643"]
[BlackFideId "34616101"]
[EventCountry "GER"]
[EventRounds "11"]
[EventType "swiss"]
[EventDate "2024.05.18"]

1. e4 {[%clk 01:15:59]} c5 {[%clk 01:15:55]} {[%emt 00:00:06]} 2. Nf3 {[%clk
01:16:19]} {[%emt 00:00:09]} d6 {[%clk 01:16:16]} {[%emt 00:00:09]} 3. d4
{[%clk 01:16:40]} {[%emt 00:00:09]} cxd4 {[%clk 01:16:41]} {[%emt 00:00:06]} 4.
Nxd4 {[%clk 01:16:58]} {[%emt 00:00:11]} Nf6 {[%clk 01:16:59]} {[%emt
00:00:12]} 5. Nc3 {[%clk 01:17:15]} {[%emt 00:00:13]} a6 {[%clk 01:17:13]}
{[%emt 00:00:16]} 6. Bd3 {[%clk 01:16:58]} {[%emt 00:00:47]} e5 {[%clk
01:17:31]} {[%emt 00:00:13]} 7. Nb3 {[%clk 01:17:12]} {[%emt 00:00:15]} Be7
{[%clk 01:17:45]} {[%emt 00:00:16]} 8. Be3 {[%clk 01:17:22]} {[%emt 00:00:20]}
O-O {[%clk 01:17:58]} {[%emt 00:00:17]} 9. h3 {[%clk 01:17:13]} {[%emt
00:00:40]} Qc7 {[%clk 01:17:44]} {[%emt 00:00:43]} 10. Qf3 {[%clk 01:17:06]}
{[%emt 00:00:36]} b5 {[%clk 01:17:20]} {[%emt 00:00:55]} 11. a3 {[%clk
01:17:02]} {[%emt 00:00:34]} Bb7 {[%clk 01:16:37]} {[%emt 00:01:13]} 12. Bg5
{[%clk 01:16:58]} {[%emt 00:00:32]} Nbd7 {[%clk 01:14:59]} {[%emt 00:02:10]}
13. O-O-O {[%clk 01:17:09]} {[%emt 00:00:20]} Nb6 {[%clk 01:06:59]} {[%emt
00:08:28]} 14. Bxf6 {[%clk 01:17:02]} {[%emt 00:00:37]} Bxf6 {[%clk 01:07:19]}
{[%emt 00:00:11]} 15. h4 {[%clk 01:16:54]} {[%emt 00:00:38]} d5 {[%clk
01:07:28]} {[%emt 00:00:21]} 16. exd5 {[%clk 01:16:07]} {[%emt 00:01:17]} Rfd8
{[%clk 01:07:05]} {[%emt 00:00:54]} 17. Ne4 {[%clk 01:15:28]} {[%emt 00:01:08]}
Be7 {[%clk 01:06:55]} {[%emt 00:00:40]} 18. Ng5 {[%clk 01:15:30]} {[%emt
00:00:27]} Bxd5 {[%clk 01:06:55]} {[%emt 00:00:31]} 19. Bxh7+ {[%clk 01:12:50]}
{[%emt 00:03:09]} Kh8 {[%clk 01:03:09]} {[%emt 00:04:17]} 20. Qh5 {[%clk
01:10:18]} {[%emt 00:03:02]} Bf6 {[%clk 00:56:12]} {[%emt 00:07:27]} 21. Be4+
{[%clk 01:02:52]} {[%emt 00:07:55]} Kg8 {[%clk 00:56:00]} {[%emt 00:00:43]} 22.
Bxd5 {[%clk 01:01:05]} {[%emt 00:02:17]} Nxd5 {[%clk 00:56:08]} {[%emt
00:00:23]} 23. Kb1 {[%clk 00:58:25]} {[%emt 00:03:10]} b4 {[%clk 00:54:14]}
{[%emt 00:02:23]} 24. a4 {[%clk 00:53:52]} {[%emt 00:05:03]} Rac8 {[%clk
00:54:03]} {[%emt 00:00:40]} 25. Rc1 {[%clk 00:51:15]} {[%emt 00:03:08]} Re8
{[%clk 00:48:06]} {[%emt 00:06:27]} 26. Ne4 {[%clk 00:49:06]} {[%emt 00:02:38]}
Qc6 {[%clk 00:44:49]} {[%emt 00:03:47]} 27. Ng5 {[%clk 00:49:09]} {[%emt
00:00:28]} Qc7 {[%clk 00:44:19]} {[%emt 00:01:01]} 28. g3 {[%clk 00:40:57]}
{[%emt 00:08:42]} Qd7 {[%clk 00:41:18]} {[%emt 00:03:30]} 29. Rhd1 {[%clk
00:37:50]} {[%emt 00:03:36]} e4 {[%clk 00:39:55]} {[%emt 00:01:50]} 30. Nxe4
{[%clk 00:36:34]} {[%emt 00:01:49]} Qxa4 {[%clk 00:36:53]} {[%emt 00:03:33]}
31. Qxd5 {[%clk 00:36:10]} {[%emt 00:00:52]} Bxb2 {[%clk 00:23:54]} {[%emt
00:13:31]} 32. Kxb2 {[%clk 00:32:19]} {[%emt 00:04:21]} Qa3+ {[%clk 00:24:07]}
{[%emt 00:00:18]} 33. Kb1 {[%clk 00:32:22]} {[%emt 00:00:27]} Red8 {[%clk
00:17:21]} {[%emt 00:07:16]} 34. Qxd8+ {[%clk 00:31:53]} {[%emt 00:00:58]} Rxd8
{[%clk 00:17:36]} {[%emt 00:00:15]} 35. Rxd8+ {[%clk 00:32:17]} {[%emt
00:00:06]} Kh7 {[%clk 00:18:06]} 36. Rd5 {[%clk 00:32:01]} {[%emt 00:00:45]} g6
{[%clk 00:17:06]} {[%emt 00:01:31]} 37. Ra5 {[%clk 00:32:19]} {[%emt 00:00:12]}
Qxa5 {[%clk 00:15:32]} {[%emt 00:02:04]} 1-0